书目信息 |
| 题名: |
大学数学
|
|
| 作者: | 王勇 主编 | |
| 分册: | 概率论与数理统计 | |
| 出版信息: | 北京 高等教育出版社 2014.12 |
|
| 页数: | 317页 | |
| 开本: | 23cm | |
| 丛书名: | ||
| 单 册: | ||
| 中图分类: | O13 , O21 | |
| 科图分类: | ||
| 主题词: | 高等数学--高等学校--教材 , 概率论--高等教育--教材 , 数理统计--高等教育--教材 | |
| 电子资源: | ||
| ISBN: | 978-7-04-041219-2 | |
| 000 | 01475nam0 2200289 450 | |
| 001 | 0120151470943 | |
| 005 | 20170502101742.64 | |
| 010 | @a978-7-04-041219-2@dCNY30.40 | |
| 100 | @a20150130d2014 em y0chiy50 ea | |
| 101 | 0 | @achi |
| 102 | @aCN@b110000 | |
| 105 | @aak z 000yy | |
| 106 | @ar | |
| 200 | 1 | @a大学数学@9da xue shu xue@i概率论与数理统计@f王勇主编 |
| 205 | @a2版 | |
| 210 | @a北京@c高等教育出版社@d2014.12 | |
| 215 | @a317页@c图@d23cm | |
| 330 | @a本书是哈尔滨工业大学所编的大学数学系列教材中的一本,全套教材包括《工科数学分析(第四版)(上、下)》、《线性代数与空间解析几何(第四版)》、《概率论与数理统计(第二版)》共4本。本书注重体现工程实际应用背景且注意为现代概率论与数理统计新知识留有接口,同时精简、压缩一些传统内容,淡化计算技巧的训练,加强理论基础的培养。重新组织、精选了例题及习题,使之更有利于培养工科学生利用概率统计方法解决和分析工程实际问题。本书内容包括随机事件与概率、条件概率与独立性、随机变量及其分布、随机变量的数字特征与极限定理、数理统计的基本概念、参数估计、假设检验等九章,适合本科院校工科各专业学生使用,也可作为报考硕士研究生人员及工程技术人员的学习参考书。 | |
| 333 | @a本书适合本科院校工科各专业学生使用,也可作为报考硕士研究生人员及工程技术人员的学习参考书 | |
| 606 | 0 | @a高等数学@x高等学校@j教材 |
| 606 | 0 | @a概率论@x高等教育@j教材 |
| 606 | 0 | @a数理统计@x高等教育@j教材 |
| 690 | @aO13@v5 | |
| 690 | @aO21@v5 | |
| 701 | 0 | @a王勇@9wang yong@4主编 |
| 801 | 0 | @aCN@b人天书店@c20150130 |
| 905 | @b989727-30@dO13@e605=2@f4 | |
| 大学数学.概率论与数理统计/王勇主编.-2版.-北京:高等教育出版社,2014.12 |
| 317页:图;23cm |
| 使用对象:本书适合本科院校工科各专业学生使用,也可作为报考硕士研究生人员及工程技术人员的学习参考书 |
| ISBN 978-7-04-041219-2:CNY30.40 |
| 本书是哈尔滨工业大学所编的大学数学系列教材中的一本,全套教材包括《工科数学分析(第四版)(上、下)》、《线性代数与空间解析几何(第四版)》、《概率论与数理统计(第二版)》共4本。本书注重体现工程实际应用背景且注意为现代概率论与数理统计新知识留有接口,同时精简、压缩一些传统内容,淡化计算技巧的训练,加强理论基础的培养。重新组织、精选了例题及习题,使之更有利于培养工科学生利用概率统计方法解决和分析工程实际问题。本书内容包括随机事件与概率、条件概率与独立性、随机变量及其分布、随机变量的数字特征与极限定理、数理统计的基本概念、参数估计、假设检验等九章,适合本科院校工科各专业学生使用,也可作为报考硕士研究生人员及工程技术人员的学习参考书。 |
| ● |
| 相关链接 |
|
|
|
|
正题名:大学数学
索取号:O13/605=2
 
预约/预借
| 序号 | 登录号 | 条形码 | 馆藏地/架位号 | 状态 | 备注 |
| 1 | 989727 | 209897272 | 第二样本阅览室/ [索取号:O13/605=2] | 在馆 | |
| 2 | 989728 | 209897281 | 第三借阅区/ [索取号:O13/605=2] | 在馆 | |
| 3 | 989729 | 209897290 | 第三借阅区/ [索取号:O13/605=2] | 在馆 | |
| 4 | 989730 | 209897307 | 密集书库-数信学院/ [索取号:O13/605=2] | 在馆 |